00341nam a22001337a 4500082001400000100002000014245003400034260003500068300000800103490003200111505003000143650002500173650000900198 a547.7 KUL aKularatne,K.W.S aSynthesis of Polymers: Unit I aColombobOpen Universityc1999 a84p aPolymer chemistry- CHU 3238 aBachelor Science :Level 5 apolymer chemistrya  aOUSL